000 00788nam a2200265Ia 4500
003 GCL
008 140319s9999 xx 000 0 ara d
040 _aGCL /
_cGCL
082 0 4 _a320.01
_bف م
100 1 _aمحمد نصر مهنا
245 1 0 _aمناهج البحث فى علمى التاريخ والسياسة /
_cمحمد نصر مهنا
700 1 _aفتحية النبراوى
260 _a[S.N] :
_bدار النهضة العربية ،
_c1993
300 _a187
490 _a
650 0 4 _aالسياسة
650 0 4 _aالعلاقات الدولية
650 0 4 _aنظريات
650 0 4 _aمناهج البحث
650 0 4 _aالتاريخ
650 0 4 _aالاجتماع
650 0 4 _aالوثائق
650 0 4 _aالمخطوطات
942 _2ddc
_cBK
999 _c32038
_d32038